000
00337 a2200169 4500
001
192094
020
_a
978-85-16-09695-3
040
_c
Magnum
100
_a
Alencar, José de
240
1
0
_a
Senhora
_l
por
245
1
0
_a
Senhora
300
_a
288
362
0
_a
2015
440
1
_a
Moderna
697
_a
LITERATURA GERAL
942
_c
BK
999
_c
192094
_d
192094